000 00347pab a2200157 454500
008 180718b2007 xxu||||| |||| 00| 0 eng d
100 _aGupta, Pawan K.
245 _aAn overview of education today
260 _c2007
300 _ap.57-69.
362 _aApr-Jun
650 _aEducation
773 _aDialogue
908 _aN
909 _a74458
999 _c74458
_d74458